| 000 | 01343cam a2200313 a 4500 | ||
|---|---|---|---|
| 001 | 13325755 | ||
| 003 | OSt | ||
| 005 | 20240624111430.0 | ||
| 008 | 030827s2003 gw a b 001 0 eng | ||
| 010 | _a 2003058762 | ||
| 020 | _a3540407421 (acidfree paper) | ||
| 040 |
_aDLC _cMUST _dDLC |
||
| 042 | _apcc | ||
| 082 | 0 | 0 | _a539.7 WIS 2004 |
| 100 | 1 |
_aWissmann, Frank. _917651 |
|
| 245 | 1 | 0 |
_aCompton scattering : _binvestigating the structure of the nucleon with real photons / _cFrank Wissmann. |
| 260 |
_aBerlin ; _aNew York : _bSpringer, _c2004. |
||
| 300 |
_aviii, 132 p. : _bill. ; _c24 cm. |
||
| 440 | 0 |
_aSpringer tracts in modern physics, _x0081-3869 ; _vv. 200 _917652 |
|
| 504 | _aIncludes bibliographical references and indexes. | ||
| 650 | 0 |
_aCompton effect. _917653 |
|
| 650 | 0 |
_aScattering (Physics) _917654 |
|
| 856 | 4 | 2 |
_3Contributor biographical information _uhttp://www.loc.gov/catdir/enhancements/fy0818/2003058762-b.html |
| 856 | 4 | 2 |
_3Publisher description _uhttp://www.loc.gov/catdir/enhancements/fy0818/2003058762-d.html |
| 856 | 4 | 1 |
_3Table of contents only _uhttp://www.loc.gov/catdir/enhancements/fy0818/2003058762-t.html |
| 906 |
_a7 _bcbc _corignew _d1 _eocip _f20 _gy-gencatlg |
||
| 942 |
_2ddc _cO_SHELF |
||
| 999 |
_c8732 _d8732 |
||